. الناظر (Record no. 15584)

MARC details
000 -LEADER
fixed length control field 00593nam a2200181 4500
008 - FIXED-LENGTH DATA ELEMENTS--GENERAL INFORMATION
fixed length control field b xx# ara u
010 ## - LIBRARY OF CONGRESS CONTROL NUMBER
LC control number 53634/9
040 ## - CATALOGING SOURCE
Original cataloging agency LB-BrCRDP
082 ## - DEWEY DECIMAL CLASSIFICATION NUMBER
Classification number 371.202/H969n
100 1# - MAIN ENTRY--PERSONAL NAME
Personal name . حسين، حسناء
130 1# - MAIN ENTRY--UNIFORM TITLE
Language of a work AR
245 10 - TITLE STATEMENT
Title . الناظر
Remainder of title المنظم المركزي للحياة المدرسية
Statement of responsibility, etc. حسناء حسين
260 ## - PUBLICATION, DISTRIBUTION, ETC.
Place of publication, distribution, etc. بيروت
Name of publisher, distributor, etc. ابحاث
Date of publication, distribution, etc. 2008
300 ## - PHYSICAL DESCRIPTION
Extent 167 ص.:
Other physical details جداول وملاحق ؛
Dimensions 24 سم.
650 ## - SUBJECT ADDED ENTRY--TOPICAL TERM
Topical term or geographic name entry element المدارس
General subdivision تنظيم وادارة
942 ## - ADDED ENTRY ELEMENTS (KOHA)
Koha item type Books
Holdings
Withdrawn status Lost status Source of classification or shelving scheme Damaged status Not for loan Home library Current library Shelving location Date acquired Total Checkouts Full call number Barcode Date last seen Copy number Price effective from Koha item type
    Dewey Decimal Classification     مكتبة المطبعة - سن الفيل مكتبة المطبعة - سن الفيل Salle de Lecture 07/28/2016   371.202 H969n CRF012476 07/28/2016 2 07/28/2016 Books